Las premisas de transición pacífica al socialismo /
Salvato in:
| Autore principale: | |
|---|---|
| Natura: | testo |
| Tags: |
Aggiungi Tag
Nessun Tag, puoi essere il primo ad aggiungerne!!
|
MARC
| LEADER | 00000 a a2200000 04500 | ||
|---|---|---|---|
| 001 | 662 | ||
| 003 | |||
| 040 | |||
| 100 | |a Volski, Victor | ||
| 245 | |a Las premisas de transición pacífica al socialismo / |c Victor Volski | ||
| 773 | |g número 6; páginas 155-177 | ||
| 999 | |c 22126 |d 22126 | ||
